=LDR 00000nam 2200000 4500 =001 INLIS000000001054689 =005 20260313070901 =035 ##$$a 0010-0326000066 =007 ta =008 260313################g##########0#ind## =020 ##$$a 978-602-386-991-6 =082 ##$$a 542.1 =084 ##$$a 542.1 SUN m =100 #$$a Sunarya =245 1#$$a Manajemen pengelolaan laboratorium /$c Sunarya =250 ##$$a cetaka kedua =260 ##$$a Yogyakarta :$b Gadjah Mada Universty Press,$c 2024 =300 ##$$a xvi, 270 halaman ; $c 15 x 23 cm =500 ##$$a Biografi :halaman 269-270 =504 ##$$a Bibliografi :halaman 257-258 =600 #4$$a Laboratorium =990 ##$$a 14611461 =990 ##$$a 14611461 =990 ##$$a 14611461 =990 ##$$a 14611461